Students in small business : (Record no. 29634)
[ view plain ]
| 000 -LEADER | |
|---|---|
| fixed length control field | 01237nam a22003257a 4500 |
| 003 - CONTROL NUMBER IDENTIFIER | |
| control field | EG-ScBUE |
| 005 - DATE AND TIME OF LATEST TRANSACTION | |
| control field | 20211104125447.0 |
| 008 - FIXED-LENGTH DATA ELEMENTS--GENERAL INFORMATION | |
| fixed length control field | 200219s1997 enk f 000 0 eng d |
| 020 ## - INTERNATIONAL STANDARD BOOK NUMBER | |
| International Standard Book Number | 1871672244 |
| 040 ## - CATALOGING SOURCE | |
| Original cataloging agency | EG-ScBUE |
| Language of cataloging | eng |
| Description conventions | rda |
| Transcribing agency | EG-ScBUE |
| Modifying agency | EG-ScBUE |
| 082 04 - DEWEY DECIMAL CLASSIFICATION NUMBER | |
| Classification number | 370 |
| Item number | WES |
| Edition number | 22 |
| 100 1# - MAIN ENTRY--PERSONAL NAME | |
| Personal name | Westhead, Paul, |
| Relator term | author. |
| 9 (RLIN) | 34208 |
| 245 10 - TITLE STATEMENT | |
| Title | Students in small business : |
| Remainder of title | an assessment of the 1994 STEP student placement scheme / |
| Statement of responsibility, etc | by Paul Westhead ; edited by Colin Gray, small business research trust. |
| 264 #1 - PUBLICATION, DISTRIBUTION, ETC. (IMPRINT) | |
| Place of publication, distribution, etc | Coventry, United Kingdom : |
| Name of publisher, distributor, etc | Small Business Research Trust, |
| Date of publication, distribution, etc | [1997] |
| 300 ## - PHYSICAL DESCRIPTION | |
| Extent | 55 pages ; |
| Dimensions | 24 cm |
| 336 ## - CONTENT TYPE | |
| Content type term | text |
| Source | rdacontent |
| Content type code | txt |
| 337 ## - MEDIA TYPE | |
| Media type term | unmediated |
| Source | rdamedia |
| Media type code | n |
| 338 ## - CARRIER TYPE | |
| Carrier type term | volume |
| Source | rdacarrier |
| Carrier type code | nc |
| 650 #7 - SUBJECT ADDED ENTRY--TOPICAL TERM | |
| Topical term or geographic name as entry element | Education and training. |
| Source of heading or term | BUEsh |
| 650 #7 - SUBJECT ADDED ENTRY--TOPICAL TERM | |
| Topical term or geographic name as entry element | Labor. |
| Source of heading or term | BUEsh |
| 653 ## - INDEX TERM--UNCONTROLLED | |
| Uncontrolled term | Education & training |
| Arrived date list | November2021 |
| Resource For college | Generalities |
| 653 ## - INDEX TERM--UNCONTROLLED | |
| Uncontrolled term | Labour studies |
| 655 ## - INDEX TERM--GENRE/FORM | |
| Form subdivision | Reading book |
| 9 (RLIN) | 34232 |
| 700 1# - ADDED ENTRY--PERSONAL NAME | |
| Personal name | Gray, Colin, |
| Dates associated with a name | 1944 June 11- |
| Relator term | editor. |
| 710 2# - ADDED ENTRY--CORPORATE NAME | |
| Corporate name or jurisdiction name as entry element | Small Business Research Trust. |
| 883 0# - MACHINE-GENERATED METADATA PROVENANCE | |
| Generation process | Language codes assigned by Bayesian analysis of words present in record |
| Generation date | 20200826 |
| Generation agency | Uk |
| Confidence value | 0.9919 |
| 942 ## - ADDED ENTRY ELEMENTS (KOHA) | |
| Source of classification or shelving scheme | Dewey Decimal Classification |
| Koha item type | Book - Borrowing |
| Withdrawn status | Lost status | Source of classification or shelving scheme | Damaged status | Not for loan | Collection code | Home library | Current library | Shelving location | Date acquired | Source of acquisition | Total Checkouts | Full call number | Barcode | Date last seen | Price effective from | Koha item type |
|---|---|---|---|---|---|---|---|---|---|---|---|---|---|---|---|---|
| Dewey Decimal Classification | Donation-Gift | Central Library | Central Library | First floor | 04/11/2021 | Donation | 370 WES | 000050947 | 15/07/2025 | 04/11/2021 | Book - Borrowing |